Top 15 Countries with Covid-19 Cases - 25 May 2022 - Statistics

General Stats
  • This quiz has been taken 26 times
  • The average score is 15 of 29
Answer Stats
country % Correct
United States
100%
France
95%
Italy
95%
United Kingdom
95%
Germany
91%
India
86%
Russia
86%
Spain
86%
Japan
77%
Brazil
64%
Turkey
59%
Portugal
55%
Argentina
50%
South Korea
50%
Austria
41%
Belgium
41%
Netherlands
41%
Netherlands
41%
Czechia
36%
Switzerland
32%
Latvia
23%
Lithuania
23%
Slovenia
23%
Denmark
18%
Estonia
18%
Israel
18%
Vietnam
18%
Cyprus
5%
Georgia
5%
No matching quizzes found
Score Distribution
Percent of People with Each Score
Percentile by Number Answered
Your Score History
You have not taken this quiz